000 00861nam a2200205Ia 4500
999 _c39457
_d39457
001 6050
003 GE_BSU
005 20190916103253.0
008 181216s1976||||ge |||||||||||||| ||geo||
040 _cGE_BSU
041 _ageo
080 _a821.353.1 ა-53
100 _aალფენიძე, ვლადიმერ
_93994
245 _aმზე ლომის თანავარსკვლავედში /
_cვლადიმერ ალფენიძე ; რედ. დ. ივარდავა.
264 _aთბილისი :
_bსაბჭოთა საქართველო ;
_c1976.
300 _a558 გვ. ;
_c22 სმ.
653 _aმზე ლომის თანავარსკვლავედში
700 _aდ. ივარდავა
_eრედაქტორი
_93995
942 _cBK
_2udc